000 01173nam a22002537a 4500
005 20170124103121.0
010 _aB-144752
020 _c160.00
_a8190235036
035 _aB-144752
037 _bCen Lib/Ret
040 _aDPL
_bHN
082 _a381.34
_bशेंडेह
100 _aशेंडे, हरिदास रामजी
_96739
245 _aउपभोक्ता जागरण /
_cहरिदास रामजी शेंडे
246 _aUpbhokta jagran /
_bby Haridas Ramji Shendy
260 _aजयपुर
_bअपोलो प्रकाशन
_c2005
270 _bजयपुर
_aदुकान न. 25, सिधेश्वर मंदिर के पीछे, पंचवटी, राजापार्क
300 _a139पृ.:
_c20सेमी(सजिल्द )
_bसचित्र
650 _aउपभोक्ता--इतिहास
_x
_z
_981933
650 _aउपभोक्ता संगठन-- भारत
_981934
650 _aConsumer - History
_981935
650 _aConsumer organisation-- India
_981936
942 _2ddc
_cHN
_h381.34
_mशेंडेह
999 _c118793
_d118793